00873nam a2200205 a 4500001001000000005001700010008004100027040001800068050002200086245004500108260005700153300004200210500015300252504002700405610003700432650004300469650004500512650005400557650005600611BRCA_134020190320203401.0950309s1994 mx-a---##b---f000-0#spa-# aDLCcDLCdDLC 4aND1460b.P56 199410aPintureríasbel arte del arte taurino. a[México]bFundación Cultural Artenciónc[1994] a159 p.bil. (algunas a color)c30 cm. aCatálogo de la exposición realizada en el Museo del Palacio de Bellas Artes, Sala Diego Rivera (Ciudad de México), noviembre 1994 - enero 1995 aBibliografía: p. 15924aFundación Cultural Artención14aCorridas de toro en artevExposiciones14aPintura mexicanavExposicionesySiglo XX14aCarteles mexicanosvExposicionesySigloa XIX a XX14aCorridas de torosvExposicionesxCarteleszMéxico